000
00304nam a2200145Ia 4500
100
_a
Kaduskar/R.G
942
_c
BK
366
_f
20
245
_a
Electronic Product finder
260
_b
Wiley India
_c
2012
082
_a
621.38132
_b
KAD
300
_a
500
546
_a
ENGLISH
_c
PAMPHALETS
999
_c
35642
_d
35642